00707cam a22002173a 450000100060000000300060000600500170001200800410002904000150007004200070008505000070009210000320009924501470013126000290027850600300030751600200033765300270035770000340038483000290041885600420044718329PGUSA20140828083405.0060506s2006||||xxu|||||s|||||000 | eng d aPGUSAbeng adc 4aBV1 aPatton, William,d1798-187914aThe National Preacher, Vol. 2. No. 6., Nov. 1827 :bOr Original Monthly Sermons from Living Ministersh[electronic resource] /cWilliam Patton bProject Gutenberg,c2006 aPublic domain in the USA. aElectronic text aSermons -- Periodicals1 aDickinson, Austin,d1791-1849 0aProject Gutenbergv1832940uhttp://www.gutenberg.org/ebooks/18329